Statistics for Longest Border by Country #2

Click here to take the quiz!

General Stats

  • This quiz has been taken 96,424 times
    (96,413 since last reset)
  • The average score is 21 of 24

Answer Stats

CountryLengthLongest Border% Correct
United States8893 kmCanada
100%
Sweden1619 kmNorway
99%
North Korea1416 kmChina
98%
Ireland360 kmUnited Kingdom
97%
Iran1458 kmIraq
95%
China4677 kmMongolia
95%
Spain1214 kmPortugal
91%
Latvia453 kmLithuania
88%
Sudan1937 kmSouth Sudan
88%
Belgium620 kmFrance
87%
Pakistan2912 kmIndia
87%
Russia6846 kmKazakhstan
87%
Costa Rica330 kmPanama
87%
Nepal1690 kmIndia
86%
Oman676 kmSaudi Arabia
86%
Brazil3400 kmBolivia
85%
Bolivia3400 kmBrazil
85%
Indonesia1782 kmMalaysia
85%
Nicaragua922 kmHonduras
83%
Thailand1800 kmMyanmar
82%
Lebanon375 kmSyria
78%
Eritrea912 kmEthiopia
77%
Germany815 kmCzech Republic
75%
Greece494 kmBulgaria
74%

Score Distribution

Percentile by Number Answered

Percent of People with Each Score

Your Score History

You have not taken this quiz since the last reset